[Event "IECG CP.2007.S.00001 email"]
[Site "IECG email"]
[Date "2007.04.01"]
[Round "?"]
[White "De Groot, Kris"]
[Black "Brousek, Jiri"]
[Result "1/2-1/2"]
[WhiteElo "2193"]
[BlackElo "2294"]
[PlyCount "47"]
[EventDate "2007.04.01"]
[EventType "tourn (corr)"]
[EventRounds "6"]
[SourceTitle "Corr 2011"]
[Source "ChessBase"]
[SourceDate "2010.08.31"]
[SourceVersion "1"]
[SourceVersionDate "2010.08.31"]
[SourceQuality "1"]

1. e4 e6 2. d4 d5 3. Nc3 Nf6 4. e5 Nfd7 5. f4 c5 6. Nf3 Nc6 7. Be3 cxd4 8. Nxd4 Bc5 9. Qd2 0-0 10. 0-0-0 a6 11. h4 Nxd4 12. Bxd4 b5 13. Rh3 b4 14. Na4 Bxd4 15. Qxd4 a5 16. Bb5 Rb8 17. Bd3 Qc7 18. h5 Bb7 19. Rg3 Rbc8 20. Rd2 Ra8 21. Re2 Ba6 22. b3 Bxd3 23. Rxd3 Ra6 24. h6 1/2-1/2

[Event "IECG CP.2004.S.00001 email"]
[Site "IECG email"]
[Date "2007.04.01"]
[Round "?"]
[White "Rost, Detlef"]
[Black "De Groot, Kris"]
[Result "1-0"]
[WhiteElo "2450"]
[BlackElo "2193"]
[PlyCount "89"]
[EventDate "2007.04.01"]
[EventType "tourn (corr)"]
[EventRounds "6"]
[EventCountry "GER"]
[SourceTitle "Corr 2011"]
[Source "ChessBase"]
[SourceDate "2010.08.31"]
[SourceVersion "1"]
[SourceVersionDate "2010.08.31"]
[SourceQuality "1"]

1. d4 d5 2. c4 c6 3. Nf3 e6 4. Nc3 dxc4 5. e3 b5 6. a4 Bb4 7. Bd2 a5 8. axb5 Bxc3 9. Bxc3 cxb5 10. b3 Bb7 11. bxc4 b4 12. Bb2 Nf6 13. Bd3 Nbd7 14. Nd2 Bxg2 15. Rg1 Bc6 16. Rxg7 a4 17. d5 exd5 18. cxd5 Bxd5 19. Rxa4 Kf8 20. Rg5 Rg8 21. Rxg8+ Kxg8 22. Rxb4 Qe7 23. Rf4 Rb8 24. Qa1 Ra8 25. Qc1 Qc5 26. Qxc5 Nxc5 27. Bb1 Ba2 28. Bf5 Ra6 29. Bxf6 Rxf6 30. Bxh7+ Kg7 31. Rxf6 Kxf6 32. Ne4+ Nxe4 33. Bxe4 Kg5 34. Kd2 f6 35. f4+ Kg4 36. Bg2 Kf5 37. Bf3 Ke6 38. e4 Kd6 39. Kd3 Kc5 40. e5 fxe5 41. fxe5 Be6 42. h4 Bf7 43. Ke4 Kc6 44. Kf5+ Kd7 45. Kf6 1-0

[Event "IECG CP.2007.S.00001 email"]
[Site "IECG email"]
[Date "2007.04.01"]
[Round "?"]
[White "Van Seben, Edgar"]
[Black "De Groot, Kris"]
[Result "1-0"]
[WhiteElo "2239"]
[BlackElo "2193"]
[PlyCount "81"]
[EventDate "2007.04.01"]
[EventType "tourn (corr)"]
[EventRounds "6"]
[SourceTitle "Corr 2011"]
[Source "ChessBase"]
[SourceDate "2010.08.31"]
[SourceVersion "1"]
[SourceVersionDate "2010.08.31"]
[SourceQuality "1"]

1. d4 d5 2. c4 c6 3. Nf3 e6 4. Nc3 dxc4 5. a4 Bb4 6. e3 b5 7. Bd2 a5 8. axb5 Bxc3 9. Bxc3 cxb5 10. b3 Bb7 11. bxc4 b4 12. Bb2 Nf6 13. Bd3 Nbd7 14. 0-0 0-0 15. Re1 Qc7 16. e4 e5 17. c5 exd4 18. Rc1 Ne5 19. c6 Nxc6 20. e5 Nd5 21. Nxd4 Qb6 22. Nf5 Nce7 23. e6 Nxf5 24. Bxf5 Ne7 25. exf7+ Rxf7 26. Bd4 Qd8 27. Be6 Bd5 28. Bxf7+ Bxf7 29. Qg4 Ng6 30. Rc5 b3 31. Rec1 h5 32. Rxh5 a4 33. Rhc5 Qh4 34. Qxh4 Nxh4 35. Rc8+ Rxc8 36. Rxc8+ Kh7 37. Bb2 Bd5 38. Rc5 Bf7 39. f4 Ng6 40. g3 Be8 41. Rc7 1-0

[Event "CFriend WC-2009-P-00014"]
[Site "Chessfriend.com"]
[Date "2005.02.28"]
[Round "1"]
[White "Barkwell, Michael C"]
[Black "De Groot, Kris"]
[Result "0-1"]
[WhiteElo "1848"]
[BlackElo "2182"]
[PlyCount "52"]
[EventDate "2005.??.??"]
[EventType "tourn (corr)"]
[EventRounds "6"]
[SourceTitle "Corr 2008"]
[Source "ChessBase"]
[SourceDate "2008.06.24"]
[SourceVersion "1"]
[SourceVersionDate "2008.06.24"]
[SourceQuality "1"]

1. e4 c5 2. Nc3 Nc6 3. g3 g6 4. Bg2 Bg7 5. d3 d6 6. f4 e6 7. Nf3 Nge7 8. 0-0 0-0 9. Be3 Nd4 10. e5 dxe5 11. Nxe5 Rb8 12. Ne4 b6 13. c3 Ndf5 14. Bf2 Qc7 15. g4 Nd5 16. gxf5 exf5 17. Nd2 Nxf4 18. Nef3 Nxg2 19. Kxg2 Bb7 20. Kg1 Qc6 21. Bh4 h6 22. Bg3 Rbd8 23. Nc4 Rfe8 24. h3 g5 25. Kh2 f4 26. Be1 Qg6 0-1

[Event "CFriend WC-2009-P-00014"]
[Site "Chessfriend.com"]
[Date "2005.02.28"]
[Round "1"]
[White "De Groot, Kris"]
[Black "Alonso, Rodolfo"]
[Result "0-1"]
[WhiteElo "2182"]
[BlackElo "2333"]
[PlyCount "94"]
[EventDate "2005.??.??"]
[EventType "tourn (corr)"]
[EventRounds "6"]
[SourceTitle "Corr 2008"]
[Source "ChessBase"]
[SourceDate "2008.06.24"]
[SourceVersion "1"]
[SourceVersionDate "2008.06.24"]
[SourceQuality "1"]

1. e4 e5 2. Nf3 Nf6 3. d4 Nxe4 4. Bd3 d5 5. Nxe5 Nd7 6. Nxd7 Bxd7 7. 0-0 Bd6 8. c4 c6 9. cxd5 cxd5 10. Qh5 0-0 11. Qxd5 Bc6 12. Qh5 g6 13. Qh3 Ng5 14. Bxg5 Qxg5 15. Nc3 Rfe8 16. Rad1 Rad8 17. Bc4 Bf4 18. Bb3 b5 19. Rfe1 b4 20. Ne2 Bd2 21. f4 Be3+ 22. Kh1 Qf6 23. d5 Bd7 24. Qf3 h5 25. h3 Qh4 26. Qg3 Qxg3 27. Nxg3 h4 28. Nf1 Bxf4 29. Nh2 Rxe1+ 30. Rxe1 Rc8 31. Nf3 a5 32. Re4 Rc1+ 33. Re1 a4 34. Rxc1 Bxc1 35. Bc4 Bxb2 36. Ne1 Bf5 37. Kg1 Bd4+ 38. Kf1 b3 39. axb3 a3 40. b4 Bb1 41. Ke2 a2 42. Bxa2 Bxa2 43. Kd3 Bf6 44. Ke4 Kf8 45. Nc2 Bb1 46. Kd3 Ke7 47. Kd2 Kd6 0-1

[Event "CFriend WC-2009-P-00014"]
[Site "Chessfriend.com"]
[Date "2005.02.28"]
[Round "1"]
[White "De Groot, Kris"]
[Black "Hynes, Thomas F"]
[Result "1-0"]
[WhiteElo "2182"]
[BlackElo "1825"]
[PlyCount "43"]
[EventDate "2005.??.??"]
[EventType "tourn (corr)"]
[EventRounds "6"]
[SourceTitle "Corr 2008"]
[Source "ChessBase"]
[SourceDate "2008.06.24"]
[SourceVersion "1"]
[SourceVersionDate "2008.06.24"]
[SourceQuality "1"]

1. e4 c5 2. Nf3 d6 3. d4 cxd4 4. Nxd4 Nf6 5. Nc3 a6 6. f4 e5 7. Nf3 Nbd7 8. a4 Be7 9. Bd3 0-0 10. 0-0 exf4 11. Kh1 Nc5 12. Bxf4 Be6 13. a5 d5 14. e5 Nfe4 15. Ne2 Rc8 16. Be3 Qc7 17. Nf4 Rfd8 18. Qe1 Qd7 19. Nd4 Re8 20. b4 Nxd3 21. cxd3 Nc3 22. Qg3 1-0

[Event "CFriend WC-2009-P-00014"]
[Site "Chessfriend.com"]
[Date "2005.02.28"]
[Round "1"]
[White "Stadler, Pavel"]
[Black "De Groot, Kris"]
[Result "0-1"]
[WhiteElo "1629"]
[BlackElo "2182"]
[PlyCount "106"]
[EventDate "2005.??.??"]
[EventType "tourn (corr)"]
[EventRounds "6"]
[SourceTitle "Corr 2008"]
[Source "ChessBase"]
[SourceDate "2008.06.24"]
[SourceVersion "1"]
[SourceVersionDate "2008.06.24"]
[SourceQuality "1"]

1. e4 c5 2. Nf3 d6 3. d4 cxd4 4. Nxd4 Nf6 5. Nc3 g6 6. Be3 Bg7 7. f3 Nc6 8. Bc4 0-0 9. Qd2 Bd7 10. 0-0-0 Rc8 11. Bb3 Ne5 12. h4 Nc4 13. Bxc4 Rxc4 14. h5 Nxh5 15. g4 Nf6 16. Nde2 Re8 17. Bd4 Qa5 18. g5 Nh5 19. Bxg7 Nxg7 20. Kb1 Be6 21. Nd4 Rec8 22. Nb3 Qb4 23. Qe3 Nh5 24. Rh2 a6 25. Rd3 R4c6 26. Nd4 R6c7 27. a3 Qc5 28. Na4 Qe5 29. Rdd2 b5 30. Nb6 Rb8 31. Rh4 b4 32. axb4 Rxb6 33. Nxe6 Rxb4 34. Nd4 Qc5 35. e5 Rcb7 36. b3 Qxe5 37. Re4 Qc5 38. c3 Rc4 39. Kc2 Qb4 40. Rd3 e5 41. Kd1 Qb6 42. bxc4 Qb1+ 43. Ke2 Rb2+ 44. Rd2 Ng3+ 45. Kf2 Nxe4+ 46. fxe4 exd4 47. Qxd4 Rxd2+ 48. Qxd2 Qxe4 49. Qxd6 Qf5+ 50. Ke3 Qxg5+ 51. Kd4 a5 52. c5 a4 53. c6 Qd2+ 0-1

[Event "IECG CP.2004.P.00064 email"]
[Site "IECG email"]
[Date "2004.10.01"]
[Round "?"]
[White "De Groot, Kris"]
[Black "Blakmoor, Ben"]
[Result "1-0"]
[WhiteElo "2150"]
[BlackElo "1909"]
[PlyCount "61"]
[EventDate "2004.10.01"]
[EventType "tourn (corr)"]
[EventRounds "6"]
[SourceTitle "Corr 2011"]
[Source "ChessBase"]
[SourceDate "2010.08.31"]
[SourceVersion "1"]
[SourceVersionDate "2010.08.31"]
[SourceQuality "1"]

1. e4 c5 2. Nf3 d6 3. d4 cxd4 4. Nxd4 Nf6 5. Nc3 a6 6. f4 e6 7. Qf3 Qb6 8. Nb3 Qc7 9. g4 b5 10. g5 b4 11. Nb5 axb5 12. gxf6 gxf6 13. f5 Qb6 14. Be3 Qb7 15. fxe6 Bxe6 16. Nd4 Bc4 17. Rg1 Nd7 18. Bh3 Nc5 19. b3 Be6 20. Nxe6 Nxe6 21. Qf5 Qc6 22. Bf1 Qc3+ 23. Kf2 Qxc2+ 24. Kf3 Ke7 25. Qxb5 Rd8 26. Qh5 Nc5 27. Rg4 Nd7 28. Rc1 Qxa2 29. Rc7 Qxb3 30. Bb5 Qe6 31. Rg1 1-0

[Event "IECG CP.2002.Q.00009 email"]
[Site "IECG email"]
[Date "2003.10.01"]
[Round "?"]
[White "Galvin, John H"]
[Black "De Groot, Kris"]
[Result "0-1"]
[WhiteElo "1971"]
[BlackElo "2139"]
[PlyCount "48"]
[EventDate "2003.10.01"]
[EventType "tourn (corr)"]
[EventRounds "10"]
[SourceTitle "Corr 2008"]
[Source "ChessBase"]
[SourceDate "2008.06.24"]
[SourceVersion "1"]
[SourceVersionDate "2008.06.24"]
[SourceQuality "1"]

1. d4 d5 2. Nc3 Nf6 3. Bg5 Nbd7 4. Nf3 c6 5. e3 Qb6 6. Rb1 g6 7. Bd3 Bg7 8. 0-0 0-0 9. h3 Re8 10. Re1 e5 11. dxe5 Nxe5 12. Nxe5 Rxe5 13. Bh4 Ne4 14. Nxe4 dxe4 15. Bc4 Be6 16. Bxe6 Rxe6 17. Qd7 Rae8 18. Red1 h6 19. Bd8 Qc5 20. c3 b5 21. Rd2 f5 22. Rbd1 Be5 23. Bc7 R6e7 24. Qc8 Rxc8 0-1

[Event "IECG CP.2002.Q.00009 email"]
[Site "IECG email"]
[Date "2003.10.01"]
[Round "?"]
[White "Kovacs, Arthur"]
[Black "De Groot, Kris"]
[Result "1/2-1/2"]
[WhiteElo "2073"]
[BlackElo "2139"]
[PlyCount "132"]
[EventDate "2003.10.01"]
[EventType "tourn (corr)"]
[EventRounds "10"]
[SourceTitle "Corr 2008"]
[Source "ChessBase"]
[SourceDate "2008.06.24"]
[SourceVersion "1"]
[SourceVersionDate "2008.06.24"]
[SourceQuality "1"]

1. d4 d5 2. Nf3 Nf6 3. c4 c6 4. Nc3 e6 5. cxd5 exd5 6. Bg5 Bd6 7. e3 h6 8. Bh4 Bf5 9. Bd3 Bxd3 10. Qxd3 Nbd7 11. 0-0 0-0 12. e4 dxe4 13. Nxe4 Be7 14. Rfe1 Re8 15. Ng3 Qb6 16. Bxf6 Bxf6 17. Ne4 Be7 18. Qc2 Nf6 19. Nc5 Bd6 20. a3 Rad8 21. Rad1 a5 22. h3 Nd5 23. Re4 Rxe4 24. Nxe4 Bf8 25. Nc5 Re8 26. Nd7 Qb5 27. Nxf8 Rxf8 28. Re1 a4 29. Nh4 Nf4 30. Nf5 Rd8 31. Re3 Kf8 32. Qe4 Ne6 33. Qg4 g6 34. Rxe6 Qxf5 35. Qxf5 gxf5 36. Rxh6 Rxd4 37. Rh8+ Kg7 38. Rb8 b5 39. Rb6 Rc4 40. g3 Rc2 41. Kg2 Kh6 42. Kf3 Kg6 43. Kg2 Kg5 44. Kf3 f6 45. Kg2 f4 46. Kf3 fxg3 47. fxg3 Kf5 48. g4+ Ke5 49. h4 Rxb2 50. Rxc6 Rb3+ 51. Ke2 Rxa3 52. Rc5+ Kf4 53. Rxb5 Ra2+ 54. Ke1 Kxg4 55. h5 f5 56. Ra5 f4 57. h6 Rh2 58. Rxa4 Rxh6 59. Ra3 Rh2 60. Kf1 Rd2 61. Rb3 Rd5 62. Kf2 Rc5 63. Ra3 Rc2+ 64. Kf1 Rb2 65. Rc3 Kf5 66. Ra3 Ke4 1/2-1/2

[Event "CFriend SH-2003-0-00001 email"]
[Site "Chessfriend.com"]
[Date "2003.01.16"]
[Round "?"]
[White "De Groot, Kris"]
[Black "Blom, Erik"]
[Result "1-0"]
[WhiteElo "2092"]
[BlackElo "2072"]
[PlyCount "81"]
[EventDate "2003.01.16"]
[EventType "tourn (corr)"]
[EventRounds "10"]
[SourceTitle "Corr 2008"]
[Source "ChessBase"]
[SourceDate "2008.06.24"]
[SourceVersion "1"]
[SourceVersionDate "2008.06.24"]
[SourceQuality "1"]

1. e4 e5 2. Nf3 Nf6 3. d4 exd4 4. e5 Ne4 5. Qxd4 d5 6. exd6 Nxd6 7. Bd3 Nc6 8. Qf4 g6 9. Nc3 Bg7 10. Be3 Be6 11. 0-0-0 Qf6 12. Qxf6 Bxf6 13. Ne4 Bg7 14. Nfg5 Bxa2 15. Nxd6+ cxd6 16. Bb5 a6 17. Bxc6+ bxc6 18. b3 0-0 19. Bd4 d5 20. Kb2 Bxb3 21. cxb3 Rfe8 22. Kc3 a5 23. Rhe1 Bxd4+ 24. Kxd4 Reb8 25. Rd3 Rb5 26. Nf3 a4 27. Ra1 a3 28. Ra2 Kg7 29. Rc3 Ra6 30. Ne1 Rb4+ 31. Kd3 c5 32. Nc2 Rb5 33. Rxa3 Rf6 34. Ke2 d4 35. Rf3 Re6+ 36. Kd2 Re7 37. Kd3 h5 38. h4 f5 39. Rf4 Kf6 40. b4 Ke5 41. g3 1-0

[Event "CFriend SH-2003-0-00001 email"]
[Site "Chessfriend.com"]
[Date "2003.01.16"]
[Round "?"]
[White "De Groot, Kris"]
[Black "Kulczycki, Michael"]
[Result "0-1"]
[WhiteElo "2092"]
[BlackElo "2006"]
[PlyCount "56"]
[EventDate "2003.01.16"]
[EventType "tourn (corr)"]
[EventRounds "10"]
[SourceTitle "Corr 2008"]
[Source "ChessBase"]
[SourceDate "2008.06.24"]
[SourceVersion "1"]
[SourceVersionDate "2008.06.24"]
[SourceQuality "1"]

1. e4 c5 2. Nf3 e6 3. d4 cxd4 4. Nxd4 Nc6 5. Nc3 Qc7 6. f4 a6 7. Nxc6 Qxc6 8. Bd3 b5 9. Qe2 Bb7 10. Bd2 Be7 11. 0-0 b4 12. Nd1 Nf6 13. e5 Ne4 14. c3 Nxd2 15. Qxd2 d6 16. cxb4 dxe5 17. b5 axb5 18. Qe2 Ra5 19. Nc3 Qb6+ 20. Kh1 b4 21. Ne4 exf4 22. Rxf4 0-0 23. Nd2 Qd6 24. Raf1 Re5 25. Ne4 Qd5 26. Qd2 f5 27. Bc4 Qc6 28. Ng3 Bg5 0-1

[Event "CFriend SH-2003-0-00001 email"]
[Site "Chessfriend.com"]
[Date "2003.01.16"]
[Round "?"]
[White "De Groot, Kris"]
[Black "Van Deursen, Peter"]
[Result "1/2-1/2"]
[WhiteElo "2092"]
[BlackElo "2023"]
[PlyCount "43"]
[EventDate "2003.01.16"]
[EventType "tourn (corr)"]
[EventRounds "10"]
[SourceTitle "Corr 2008"]
[Source "ChessBase"]
[SourceDate "2008.06.24"]
[SourceVersion "1"]
[SourceVersionDate "2008.06.24"]
[SourceQuality "1"]

1. e4 Nf6 2. e5 Nd5 3. c4 Nb6 4. d4 d6 5. exd6 cxd6 6. Nc3 g6 7. Be3 Bg7 8. Bd3 0-0 9. Nge2 Nc6 10. 0-0 Bg4 11. Qd2 d5 12. c5 Nc4 13. Bxc4 dxc4 14. Rfd1 b6 15. h3 Bf5 16. Bh6 bxc5 17. Bxg7 Kxg7 18. dxc5 Qxd2 19. Rxd2 Rfd8 20. Rad1 Rxd2 21. Rxd2 Rb8 22. Ng3 1/2-1/2

[Event "CFriend SH-2003-0-00001 email"]
[Site "Chessfriend.com"]
[Date "2003.01.16"]
[Round "?"]
[White "Marez, Sebastien"]
[Black "De Groot, Kris"]
[Result "1/2-1/2"]
[WhiteElo "2124"]
[BlackElo "2092"]
[PlyCount "72"]
[EventDate "2003.01.16"]
[EventType "tourn (corr)"]
[EventRounds "10"]
[SourceTitle "Corr 2008"]
[Source "ChessBase"]
[SourceDate "2008.06.24"]
[SourceVersion "1"]
[SourceVersionDate "2008.06.24"]
[SourceQuality "1"]

1. e4 c5 2. c3 Nf6 3. e5 Nd5 4. Nf3 Nc6 5. Bc4 Nb6 6. Bb3 c4 7. Bc2 Qc7 8. Qe2 g5 9. h3 Bg7 10. 0-0 h5 11. Nxg5 Qxe5 12. Qe3 Qxe3 13. dxe3 d5 14. e4 d4 15. cxd4 Nxd4 16. Bd1 Bd7 17. Nc3 h4 18. Be3 Nb5 19. Rc1 Nxc3 20. bxc3 Na4 21. Bd4 e5 22. Be3 Bf6 23. f4 exf4 24. Bd4 Rh6 25. Bxf6 Rxf6 26. e5 Rf5 27. Ne4 Ke7 28. Nd6 Rxe5 29. Nxc4 Rc5 30. Bxa4 Rxc4 31. Bb3 Re4 32. Bd5 Re5 33. c4 Be6 34. Rxf4 Bxd5 35. cxd5 Re2 36. a4 Rg8 1/2-1/2

[Event "CFriend SH-2003-0-00001 email"]
[Site "Chessfriend.com"]
[Date "2003.01.14"]
[Round "1"]
[White "De Groot, Kris"]
[Black "Chabot, Cedric"]
[Result "1-0"]
[WhiteElo "2182"]
[BlackElo "1965"]
[PlyCount "151"]
[EventDate "2003.01.16"]
[EventType "tourn (corr)"]
[EventRounds "10"]
[SourceTitle "Corr 2024"]
[Source "ChessBase"]
[SourceDate "2023.10.19"]
[SourceVersion "1"]
[SourceVersionDate "2023.10.19"]
[SourceQuality "1"]

1. e4 e5 2. Nf3 Nc6 3. Bc4 Bc5 4. c3 Nf6 5. d4 exd4 6. cxd4 Bb4+ 7. Bd2 Bxd2+ 8. Nbxd2 d5 9. exd5 Nxd5 10. Qb3 Nce7 11. 0-0 0-0 12. Rfe1 a5 13. a4 b6 14. Rac1 Bb7 15. Ne5 f6 16. Nd3 Kh8 17. Qd1 Qd7 18. Bb5 c6 19. Bc4 Ba6 20. b3 Rfd8 21. Qe2 Bb7 22. Qh5 Rab8 23. Re4 Nf5 24. Rce1 g6 25. Qh3 Re8 26. Qf3 Kg7 27. h3 Rxe4 28. Qxe4 Nc7 29. Qf4 Rf8 30. Nf3 Nd5 31. Bxd5 cxd5 32. Rc1 Nd6 33. Nh2 Ba6 34. Ne5 Qe7 35. Neg4 Rc8 36. Qh6+ Kg8 37. Rxc8+ Bxc8 38. Qc1 h5 39. Ne3 Bb7 40. Qc2 Kg7 41. Nf3 Qf7 42. Ne1 Ne4 43. Nd3 h4 44. Nf4 f5 45. Nd3 Qe7 46. Ne5 Qd8 47. Qc1 Ng5 48. Nc2 Ne6 49. Qb2 Nf4 50. Ne1 Qg5 51. Kh2 Ne6 52. N1f3 Qe7 53. Qc3 Qd8 54. Qe3 Bc8 55. Qd3 Qf6 56. Qc3 Bb7 57. b4 Qd8 58. b5 Qe7 59. Nc6 Qc7+ 60. Kh1 g5 61. Qe3 Kf6 62. Nce5 Bc8 63. Nd3 Bb7 64. Nfe5 f4 65. Ng4+ Ke7 66. Qe2 Kd7 67. Nf6+ Ke7 68. Ng8+ Kd7 69. Ne5+ Kd6 70. Qb2 Qg7 71. Nh6 Kc7 72. Nhf7 Qh7 73. Qa3 Qb1+ 74. Kh2 Qb4 75. Qc1+ Kb8 76. Nc6+ 1-0

[Event "IECG CP.2002.P.00105 email"]
[Site "IECG email"]
[Date "2002.10.01"]
[Round "?"]
[White "De Groot, Kris"]
[Black "Desrochers, Marcel"]
[Result "1-0"]
[WhiteElo "2120"]
[BlackElo "688"]
[PlyCount "85"]
[EventDate "2002.10.01"]
[EventType "tourn (corr)"]
[EventRounds "6"]
[EventCountry "SWE"]
[SourceTitle "Corr 2008"]
[Source "ChessBase"]
[SourceDate "2008.06.24"]
[SourceVersion "1"]
[SourceVersionDate "2008.06.24"]
[SourceQuality "1"]

1. e4 e5 2. Nf3 Nc6 3. Bc4 Bc5 4. c3 Nf6 5. d4 exd4 6. cxd4 Bb4+ 7. Bd2 Nxe4 8. Bxb4 Nxb4 9. Bxf7+ Kxf7 10. Qb3+ d5 11. Qxb4 Re8 12. 0-0 a5 13. Qa3 Bf5 14. Nc3 Kg8 15. Qb3 Nxc3 16. bxc3 Re6 17. Rfe1 Rb6 18. Qa3 Qf8 19. Qe7 Rc6 20. Qxf8+ Rxf8 21. Re3 Rb6 22. Re7 c6 23. Ne5 Rb2 24. a4 h6 25. h4 Rf6 26. h5 Kh7 27. f3 Re6 28. Rc7 Re8 29. Re1 Rb3 30. g4 Bc2 31. Kf2 Rxc3 32. Nd7 Rd8 33. Re7 Kh8 34. Ne5 Rg8 35. f4 c5 36. dxc5 Bxa4 37. f5 Rc2+ 38. Kg3 Rc3+ 39. Kh4 Bc2 40. f6 Re3 41. Nf7+ Kh7 42. Rxe3 gxf6 43. Ree7 1-0

[Event "IECG CP.2002.P.00105 email"]
[Site "IECG email"]
[Date "2002.10.01"]
[Round "?"]
[White "Tkachenko, Oleg Pavlovich"]
[Black "De Groot, Kris"]
[Result "0-1"]
[WhiteElo "1861"]
[BlackElo "2120"]
[PlyCount "56"]
[EventDate "2002.10.01"]
[EventType "tourn (corr)"]
[EventRounds "6"]
[EventCountry "SWE"]
[SourceTitle "Corr 2008"]
[Source "ChessBase"]
[SourceDate "2008.06.24"]
[SourceVersion "1"]
[SourceVersionDate "2008.06.24"]
[SourceQuality "1"]

1. d4 d5 2. c4 c6 3. Nf3 e6 4. cxd5 exd5 5. Nc3 Bf5 6. Bg5 Qb6 7. Na4 Qa5+ 8. Bd2 Qc7 9. e3 Nf6 10. Nh4 Be6 11. Bd3 Nbd7 12. Rc1 Bd6 13. Nf3 0-0 14. Nc5 Bxc5 15. dxc5 Ne4 16. b4 Bg4 17. Bc3 f5 18. Be2 f4 19. Qd4 Nxc3 20. Rxc3 Bxf3 21. Bxf3 Ne5 22. exf4 Rxf4 23. Qd1 Nxf3+ 24. Rxf3 Rxf3 25. gxf3 Qf4 26. a3 Qc4 27. Kd2 Re8 28. Re1 Qd4+ 0-1

[Event "IECG CA.2002.0.00068 email"]
[Site "IECG email"]
[Date "2002.09.03"]
[Round "?"]
[White "Muller, Henry"]
[Black "De Groot, Kris"]
[Result "1/2-1/2"]
[WhiteElo "2103"]
[BlackElo "2120"]
[PlyCount "104"]
[EventDate "2002.09.03"]
[EventType "tourn (corr)"]
[EventRounds "6"]
[SourceTitle "Corr 2008"]
[Source "ChessBase"]
[SourceDate "2008.06.24"]
[SourceVersion "1"]
[SourceVersionDate "2008.06.24"]
[SourceQuality "1"]

1. e4 c5 2. Nf3 d6 3. d4 cxd4 4. Nxd4 Nf6 5. Nc3 g6 6. Be3 Bg7 7. f3 Nc6 8. Qd2 0-0 9. Bc4 Bd7 10. 0-0-0 Rc8 11. Bb3 Ne5 12. h4 Nc4 13. Bxc4 Rxc4 14. g4 b5 15. Ndxb5 Qa5 16. Nd4 Rfc8 17. Nb3 Qa6 18. e5 Ne8 19. h5 Rxc3 20. bxc3 Qxa2 21. hxg6 hxg6 22. Qd3 Be6 23. Kd2 Bc4 24. Ra1 Qb2 25. Rab1 Qxb1 26. Rxb1 Bxd3 27. cxd3 Bxe5 28. c4 d5 29. d4 Bc7 30. c5 Rb8 31. Kc2 Ng7 32. Ra1 Rb7 33. Ra6 Ne6 34. f4 Kh7 35. Na5 Bxa5 36. Rxa5 Nd8 37. Ra6 Rc7 38. Kb3 f5 39. gxf5 gxf5 40. Bd2 Nc6 41. Bc3 Kg6 42. Ka4 Kf7 43. Kb5 Nd8 44. Rh6 Kg7 45. Ra6 Rb7+ 46. Ka4 Kf7 47. c6 Rc7 48. Kb5 Ne6 49. Ra1 Kf6 50. Ra6 Kf7 51. Ra1 Kg6 52. Rg1+ Kf7 1/2-1/2